000 00347nam a2200133Ia 4500
005 20260328101503.0
008 260328s9999||||xx |||||||||||||| ||und||
100 _aMoia, José Luis
245 0 _aCómo se construye una Vivienda /
_cJosé Luis Moia
260 _bGustavo Gili
300 _a110 p.
650 _aARQUITECTURA RESIDENCIAL
942 _cBK
999 _c8968
_d8968